Manual of Food Laws in Pakistan / (Record no. 614106)

000 -LEADER
fixed length control field 00312nam a22001217a 4500
082 ## - DEWEY DECIMAL CLASSIFICATION NUMBER
Classification number 344.549104232
Author Mark ALI
100 ## - MAIN ENTRY--PERSONAL NAME
Personal name Ali, Wajahat
245 ## - TITLE STATEMENT
Title Manual of Food Laws in Pakistan /
Statement of responsibility, etc. Wajahat Ali
260 ## - PUBLICATION, DISTRIBUTION, ETC.
Place of publication, distribution, etc. Lahore:
Name of publisher, distributor, etc. Irfan Law Book House,
Date of publication, distribution, etc. N.A.
300 ## - PHYSICAL DESCRIPTION
Extent 757 p.
563 ## - BINDING INFORMATION
Binding note HB.
942 ## - ADDED ENTRY ELEMENTS (KOHA)
Source of classification or shelving scheme
Koha item type Book
Holdings
Withdrawn status Lost status Source of classification or shelving scheme Damaged status Not for loan Permanent Location Current Location Date acquired Total Checkouts Full call number Barcode Date last seen Price effective from Koha item type
          NUST Law School (NLS) NUST Law School (NLS) 07/03/2025   344.549104232 ALI NLS-3153 07/03/2025 07/03/2025 Book
© 2023 Central Library, National University of Sciences and Technology. All Rights Reserved.